| 000 | 00569cam a22001934a 4500 | ||
|---|---|---|---|
| 005 | 20250605164256.0 | ||
| 008 | 250528s ||||||||||||||||||||||||d | ||
| 035 | _a21930 | ||
| 040 |
_aGR-AtMCL _bgre _dGR-AtMCL _eAACR2 |
||
| 245 | 1 | _aREWARD INTERMEDIATE (SET OF 4) | |
| 250 | _a1 | ||
| 260 |
_bHeinemann, _c1995 |
||
| 505 | 0 | _aINCLUDES: STUDENT'S BOOK, COMPANION,PRACTICE BOOK, TEACHER'S BOOK | |
| 520 | _aINCLUDES: STUDENT'S BOOK, COMPANION,PRACTICE BOOK, TEACHER'S BOOK | ||
| 700 | 1 |
_aGreenall Simon _97814 |
|
| 942 | _cBK | ||
| 999 |
_c6987 _d6987 |
||